000
00368nas a2200157 a 4500
003
DLC
005
20210219161754.0
008
130610c 9999 r1 0 0eng d
022
_a
0956-4314
035
_a
UPN01000191518
245
0
0
_a
CHINA STUDY JOURNAL
260
_a
Londres, Inglaterra
260
_b
Editorial Address
905
_a
Revista
999
_c
163621
_d
163621